MARC

Tag First Indicator Second Indicator Subfields
LEADER 00000cam a2200000 a 4500
001 in00001462913
005 20151021060211.0
008 980109s1998 laua b s101 0 eng c
010 |a  98010771  
019 |a 38180386 
020 |a 0807123064 (cloth : alk. paper) 
035 |a (OCoLC)38216533 
035 |9 AJF5827AM 
040 |a DNLM/DLC  |c DLC  |d NLM  |d LUS  |d C#P  |d AGL  |d TXA  |d UtOrBLW 
049 |a TXAM 
050 0 0 |a QP251  |b .N88 1998 
060 1 0 |a W1  |b PE289 v.8 1998 
060 1 0 |a WQ 205  |b N976 1998 
069 0 |a 9801416 
070 0 |a QP141.A1P46  |b v.8 
072 0 |a L200 
082 0 0 |a 612.6  |2 21 
245 0 0 |a Nutrition and reproduction /  |c edited by George A. Bray and Donna H. Ryan. 
264 1 |a Baton Rouge :  |b Louisiana State University Press,  |c [1998] 
264 4 |c ©1998 
300 |a xiii, 443 pages :  |b illustrations ;  |c 24 cm. 
336 |a text  |b txt  |2 rdacontent 
337 |a unmediated  |b n  |2 rdamedia 
338 |a volume  |b nc  |2 rdacarrier 
490 1 |a Pennington Center nutrition series ;  |v v. 8 
500 |a "Sponsored by the Pennington Biomedical Research Center." 
504 |a Includes bibliographical references and index. 
650 0 |a Reproduction  |v Congresses. 
650 0 |a Nutrition  |v Congresses. 
650 0 |a Neuropeptides  |x Physiological effect  |x Congresses. 
650 0 |a Growth factors  |x Physiological effect  |x Congresses. 
650 1 2 |a Nutritional Physiological Phenomena  |v congresses. 
650 1 2 |a Reproduction  |v congresses. 
650 2 2 |a Fetal Development  |v congresses. 
650 2 2 |a Obesity  |v congresses. 
700 1 |a Bray, George A. 
700 1 |a Ryan, Donna H. 
710 2 |a Pennington Biomedical Research Center. 
830 0 |a Pennington Center nutrition series ;  |v v. 8. 
948 |a c:jh 
999 |a MARS 
999 f f |s e201a47e-b254-3cf5-a18d-61f209e20e0c  |i 821af56b-6fce-348c-9aca-795612173fa5  |t 0 
952 f f |p ric  |a Texas A&M University  |b Rellis Campus  |c Joint Library Facility  |d Remote Storage  |t 0  |e QP251 .N88 1998  |h Library of Congress classification  |i unmediated -- volume  |m A14824075684 
998 f f |a QP251 .N88 1998  |t 0  |l Remote Storage